| 000 | 00512nam a2200157 i 4500 | ||
|---|---|---|---|
| 001 | 99853 | ||
| 003 | ES-MaACL | ||
| 007 | t| | ||
| 008 | 050919s1973 sp ||||1| spa d | ||
| 100 | 1 |
_aMartínez Marzoa, Felipe. _978215 |
|
| 245 | 1 | 0 |
_aHistoria de la Filosofía... / _cFelipe Martínez Marzoa. |
| 260 |
_aMadrid : _bIstmo, _c1973. |
||
| 300 |
_a2 v. ; _c18 cm. |
||
| 505 | 8 | _aContiene: V.1.-- Filosofía antigua y medieval. V.2.-- Filosofía moderna y contemporánea. | |
| 852 |
_aES-MaACL _jE-6704-5 _bR.86952 |
||
| 999 |
_c99853 _d99853 |
||